000 00807nam a2200217Ia 4500
003 GCL
008 140319s9999 xx 000 0 ara d
040 _aGCL /
_cGCL
082 0 4 _a153.35
_bص ت
100 1 _aصالح محمد على ابو جادو
245 1 0 _aتطبيقات عملية فى تنمية التفكير الابداعى باستخدام الحل الابتكارى للمشكلات /
_cصالح محمد على ابو جادو
250 _aالثانية
260 _aالاردن :
_bدار الشروق للنشر والتوزيع ،
_c2007
300 _a304 ص ؛
_c24 سم
650 0 4 _aالتفكير
650 0 4 _aالذكاء
650 0 4 _aالابداع
650 0 4 _aالتفكير الابتكارى
650 0 4 _aالتفكير الابداعى
942 _2ddc
_cBK
999 _c10150
_d10150